000 00723nam a2200229Ia 4500
003 OSt
005 20220923220335.0
006 a|||||r|||| 00| 0
007 ta
008 220922b |||||||| |||| 00| 0 hin d
024 _a186,053
037 _cTextual
040 _aARTS
_cARTS
_bhin
041 _2hin
_ahin
082 _aY592.2:D, 152K9
100 _aजौहरी, मनोरमा
_9156318
245 0 _aप्राचीन भारत में वर्णाक्रम व्यवस्था
246 _aPrāchīn bhārat mean varṇākram vyavasthā
260 _c1969
942 _hY592.2:D, 152K9
_cTEXL
_2CC
999 _c339298
_d339298